00509nam a2200145Ia 4500999001700000082001200017100001900029245008700048260003300135300002100168650004200189710001900231942001200250952010100262 c22197d22197 aTH.0045 aHazra, Santana 0aTheory and practice of commercial policy evaluation of Indian experience 1923-1970 c1976bUniversity of Calcutta a227p. + C D - 39 aINDIA - COMMERCIAL POLICY - 1923-1970 aSengupta, A.K. cTH2ddc 00104070aNASSDOCbNASSDOCd2004-10-08l0oTH.0045p13992r2019-04-18 00:00:00w2019-04-18yTH